| Tag |
First Indicator |
Second Indicator |
Subfields |
| LEADER |
00000cam a22000008a 4500 |
| 001 |
in00000577166 |
| 005 |
20151014060245.0 |
| 008 |
850118s1985 caua b 00100 eng |
| 010 |
|
|
|a 85001848
|
| 020 |
|
|
|a 0803924496
|
| 035 |
|
|
|a (OCoLC)11677697
|
| 035 |
|
|
|9 ACM7109AM
|
| 039 |
0 |
|
|a 2
|b 3
|c 3
|d 3
|e 3
|
| 040 |
|
|
|a DLC
|c DLC
|d TXA
|d UtOrBLW
|
| 043 |
|
|
|a n-us---
|
| 049 |
|
|
|a TXAM
|c [A09162864]
|
| 050 |
0 |
0 |
|a H62
|b .C567 1985
|
| 082 |
0 |
|
|a 361.6/1/072
|2 19
|
| 245 |
0 |
0 |
|a Collecting evaluation data :
|b problems and solutions /
|c Leigh Burstein, Howard E. Freeman, Peter H. Rossi.
|
| 263 |
|
|
|a 8505
|
| 264 |
|
1 |
|a Beverly Hills, Calif. :
|b Sage Publications,
|c [1985]
|
| 264 |
|
4 |
|c ©1985
|
| 300 |
|
|
|a 318 pages :
|b illustrations
|
| 336 |
|
|
|a text
|b txt
|2 rdacontent
|
| 337 |
|
|
|a unmediated
|b n
|2 rdamedia
|
| 338 |
|
|
|a volume
|b nc
|2 rdacarrier
|
| 504 |
|
|
|a Includes bibliographies and indexes.
|
| 650 |
|
0 |
|a Evaluation research (Social action programs)
|
| 650 |
|
0 |
|a Social sciences
|x Methodology.
|
| 650 |
|
0 |
|a Evaluation research (Social action programs)
|z United States.
|
| 700 |
1 |
|
|a Burstein, Leigh.
|
| 700 |
1 |
|
|a Freeman, Howard E.
|
| 700 |
1 |
|
|a Rossi, Peter H.
|q (Peter Henry),
|d 1921-2006.
|
| 999 |
|
|
|a MARS
|
| 999 |
f |
f |
|s 86ae713c-b64a-31cc-ba44-9f51a5fffd0e
|i 00a74ec8-7a83-3abe-9768-79bab8f00c54
|t 0
|
| 952 |
f |
f |
|p ric
|a Texas A&M University
|b Rellis Campus
|c Joint Library Facility
|d Remote Storage
|t 0
|e H62 .C567 1985
|h Library of Congress classification
|i unmediated -- volume
|m A14809162864
|
| 998 |
f |
f |
|a H62 .C567 1985
|t 0
|l Remote Storage
|